00726nam a2200229Ia 4500003000900000008004100009040001300050040001300063041000800076100002000084100000900104245008200113250000900195260001800204260000900222300001000231490000600241600004100247942000700288999001100295952019000306IT-RoPAU120407s9999 xx 000 0 und d aIT-RoPAU cIT-RoPAU aita aErmanno Ancilli ccur. aPreghiera (La). Bibbia, teologia, esperienze storiche. A cura di E. Ancilli aRoma aCittà Nuova c1988 c23 cm v2 a"1. vol. p. 514 2. vol. p. 471." cBK c95d95 00102ddc406264_100000000000000_3171aPAULUSbPAULUSd2012-04-11l0o264.1.31r2012-04-11 00:00:00w2012-04-11yBKzInserito da: Anna In data: n.d. fondo: Via A.Severo 56 Progr:29635